Statistics for COUNTRIES OF THE WORLD

Click here to take the quiz!

General Stats

  • This quiz has been taken 10 times
  • The average score is 67 of 205

Answer Stats

Country% Correct
Albania
63%
Algeria
63%
Australia
63%
Austria
63%
Mexico
63%
Afghanistan
50%
Andorra
50%
Angola
50%
Antigua and barbuda
50%
Argentina
50%
Armenia
50%
Belarus
50%
Belgium
50%
Brazil
50%
Denmark
50%
Egypt
50%
France
50%
Germany
50%
Greece
50%
Honduras
50%
Hungary
50%
India
50%
Italy
50%
Jamaica
50%
Japan
50%
Jordan
50%
Liechtenstein
50%
Morocco
50%
New Zealand
50%
Niger
50%
Nigeria
50%
Norway
50%
Oman
50%
Palestine
50%
Portugal
50%
Russia
50%
Slovakia
50%
Slovenia
50%
South africa
50%
Sweden
50%
Syria
50%
Turkey
50%
UK
50%
USA
50%
Venezuela
50%
Vietnam
50%
Yemen
50%
Abkhazia
38%
Azerbaijan
38%
Bahamas
38%
Bahrain
38%
Bolivia
38%
Botswana
38%
Bulgaria
38%
Central African Republic
38%
Chad
38%
Chile
38%
China
38%
Colombia
38%
Czech republic
38%
Djibouti
38%
Dominica
38%
Dominican Republic
38%
East timor
38%
Estonia
38%
Ethiopia
38%
Finland
38%
Haiti
38%
Iceland
38%
Indonesia
38%
Iran
38%
Iraq
38%
Ireland
38%
Israel
38%
Kosovo
38%
Kuwait
38%
Latvia
38%
Lithuania
38%
Madagascar
38%
Malaysia
38%
Mali
38%
Malta
38%
Mauritius
38%
Mongolia
38%
Montenegro
38%
Myanmar
38%
Nepal
38%
Netherlands
38%
North korea
38%
Paraguay
38%
Peru
38%
Poland
38%
Somaliland
38%
South Korea
38%
Spain
38%
St kitts and nevis
38%
Sudan
38%
Switzerland
38%
Tanzania
38%
Thailand
38%
Trinidad and tobago
38%
Tunisia
38%
Ukraine
38%
Uruguay
38%
Uzbekistan
38%
Vatican city
38%
Zimbabwe
38%
Bangladesh
25%
Barbados
25%
Benin
25%
Bhutan
25%
Bosnia and Herzegovina
25%
Brunei
25%
Burkina faso
25%
Burundi
25%
Cambodia
25%
Canada
25%
Cape verde
25%
Comoros
25%
Cook islands
25%
Croatia
25%
Cuba
25%
Ecuador
25%
Eritrea
25%
Eswatini
25%
Fiji
25%
Georgia
25%
Ghana
25%
Grenada
25%
Guyana
25%
Kiribati
25%
Laos
25%
Lebanon
25%
Liberia
25%
Libya
25%
Luxembourg
25%
Malawi
25%
Moldova
25%
Monaco
25%
Mozambique
25%
Nauru
25%
Niue
25%
Pakistan
25%
Palau
25%
Panama
25%
Papua new guinea
25%
Philippines
25%
Qatar
25%
Romania
25%
Rwanda
25%
San marino
25%
Saudi arabia
25%
Seychelles
25%
Singapore
25%
Somalia
25%
South ossetia
25%
South Sudan
25%
Sri lanka
25%
St lucia
25%
St vincent and the grenadines
25%
Suriname
25%
Tajikistan
25%
Turkmenistan
25%
Tuvalu
25%
UAE
25%
Vanuatu
25%
Western sahara
25%
Zambia
25%
Belize
13%
Cameroon
13%
Congo
13%
Costa rica
13%
Cyprus
13%
Democratic Republic of the Congo
13%
El salvodor
13%
Equatorial guinea
13%
Gabon
13%
Gambia
13%
Guatemala
13%
Guinea
13%
Guinea bissau
13%
Ivory coast
13%
Kenya
13%
Khazakhstan
13%
Kyrgyzstan
13%
Lesotho
13%
Maldives
13%
Marshall islands
13%
Mauritania
13%
Micronesia
13%
Nagorno Kharabakh
13%
Namibia
13%
Nicaragua
13%
Northern Cyprus
13%
North macedonia
13%
Samoa
13%
Sao tome and principe
13%
Senegal
13%
Serbia
13%
Sierra Leone
13%
Solomon islands
13%
Togo
13%
Tonga
13%
Transnistria (USSR)
13%
Uganda
13%

Score Distribution

Percentile by Number Answered

Percent of People with Each Score

Your Score History

You have not taken this quiz